LIBRARY ONLINE CATALOGUE

Marketing communications : (Record no. 11856)

MARC details
000 -LEADER
fixed length control field 00763cam a22002292 4500
001 - CONTROL NUMBER
control field 0000002178
005 - DATE AND TIME OF LATEST TRANSACTION
control field 20151217155202.0
008 - FIXED-LENGTH DATA ELEMENTS--GENERAL INFORMATION
fixed length control field 070404s xx 000 0 eng d
020 ## - INTERNATIONAL STANDARD BOOK NUMBER
International Standard Book Number 02736550000 :
Terms of availability KES 4,760
040 ## - CATALOGING SOURCE
Original cataloging agency KABU
Transcribing agency KABU
050 #0 - LIBRARY OF CONGRESS CALL NUMBER
Classification number HF5415.123
Item number .F55 2002
100 1# - MAIN ENTRY--PERSONAL NAME
Personal name Fill, Chris.
-- 0000151440
245 10 - TITLE STATEMENT
Title Marketing communications :
Remainder of title contexts, strategies and applications /
Statement of responsibility, etc. Chris Fill.
250 ## - EDITION STATEMENT
Edition statement 3rd ed.
260 ## - PUBLICATION, DISTRIBUTION, ETC. (IMPRINT)
Place of publication, distribution, etc. Harlow, England :
Name of publisher, distributor, etc. Prentice Hall,
Date of publication, distribution, etc. 2002.
300 ## - PHYSICAL DESCRIPTION
Extent xxxii, 790 p. :
Other physical details ill. ;
Dimensions 25 cm.
504 ## - BIBLIOGRAPHY, ETC. NOTE
Bibliography, etc Includes bibliographical references and indexes.
650 #0 - SUBJECT ADDED ENTRY--TOPICAL TERM
Topical term or geographic name as entry element Communication in marketing.
-- 0000151439
908 ## - PUT COMMAND PARAMETER (RLIN)
Put command parameter 070404
950 ## - LOCAL HOLDINGS (RLIN)
-- 1
Holdings
Withdrawn status Lost status Source of classification or shelving scheme Not for loan Home library Current library Date acquired Total Checkouts Full call number Barcode Date last seen Date last checked out Price effective from Koha item type
    Library of Congress Classification   Kabarak, Main Campus Kabarak, Main Campus 17/12/2015 5 HF5415.123 .F55 2002 c.1 003738 10/05/2023 16/01/2023 17/12/2015 General Collection